Political reforms: asserting civic sovereignty (Record no. 18165)

MARC details
000 -LEADER
fixed length control field 00422nam a2200157Ia 4500
082 ## - DEWEY DECIMAL CLASSIFICATION NUMBER
Classification number 320.954 POL-
245 #0 - TITLE STATEMENT
Title Political reforms: asserting civic sovereignty
260 ## - PUBLICATION, DISTRIBUTION, ETC. (IMPRINT)
Place of publication Delhi
Name of publisher Konark Publishers
Year of publication 2001
300 ## - PHYSICAL DESCRIPTION
Number of Pages 362p.
650 ## - SUBJECT ADDED ENTRY--TOPICAL TERM
Topical Term Sovereignty
650 ## - SUBJECT ADDED ENTRY--TOPICAL TERM
Topical Term Constitutional Law - India
650 ## - SUBJECT ADDED ENTRY--TOPICAL TERM
Topical Term Political science - India
700 ## - ADDED ENTRY--PERSONAL NAME
Personal name Kashyap, Subhash C.
700 ## - ADDED ENTRY--PERSONAL NAME
Personal name Panandiker, V.A. Pai
942 ## - ADDED ENTRY ELEMENTS (KOHA)
Koha item type Books
Holdings
Withdrawn status Lost status Damaged status Not for loan Home library Current library Date acquired Bill Date Full call number Accession Number Price effective from Koha item type
        NASSDOC Library NASSDOC Library 08/06/2004 2004-10-05 320.954 POL- 38217 18/04/2019 Books